| 000 | 00709nam a22001937a 4500 | ||
|---|---|---|---|
| 999 |
_c163901 _d163901 |
||
| 005 | 20190503173040.0 | ||
| 010 | _aUR-10064 | ||
| 020 |
_c200.00 _a9789388105064 |
||
| 035 | _aU-8619 | ||
| 037 | _bDBAD/PUB | ||
| 082 | _a840.08 | ||
| 100 | _aڈ ا کٹر بے بی تبسم | ||
| 245 |
_aسا غر نظا می :ا يک قو می شا عر _cڈ ا کٹر بے بی تبسم |
||
| 246 |
_bSaghar Nizami:Ek Qaumi Shair(Urdu) _aby Dr.Baby Tabassum |
||
| 260 |
_a Delhi _bEducational Publishing House _c2018 ء |
||
| 270 |
_a3191،Vakil Street,Kucha Pandit,Lal Kuan, _bDelhi _e110006 _k23216162 _l00911123211540 |
||
| 300 |
_a104ص _c22 Cm.(bk) |
||
| 942 |
_2ddc _cUR _h840.08 _mب ے ب |
||